Technologickosť navrhovania spekaných súčiastok

Salvato in:
Dettagli Bibliografici
Natura: Libro
Lingua:slovacco
Pubblicazione: Bratislava : SlTK-Centrum VTI SR, 1988
Soggetti:
Tags: Aggiungi Tag
Nessun Tag, puoi essere il primo ad aggiungerne!!

MARC

LEADER 00000nam a22000003a 4500
001 stu43152
005 20150408180347.2
008 940721s1988----cs------------------slo-d
040 |a STU  |b slo 
041 0 |a slo 
044 |a cs 
080 |a 621.762.5 
245 |a Technologickosť navrhovania spekaných súčiastok 
260 |a Bratislava :  |b SlTK-Centrum VTI SR,  |c 1988 
300 |a 10 s 
650 7 |a spekanie  |2 stusub 
650 7 |a Súčiastky  |2 stusub 
650 7 |a preklady  |2 stusub 
650 7 |a Súčiastky spekané  |2 stusub 
996 |b MP 14  |c M*P-14  |l MMKN  |s A  |a 24  |w stu43152_0001